Business legislation for management : (Record no. 78199)
[ view plain ]
| 000 -LEADER | |
|---|---|
| fixed length control field | 00721nam a22002057a 4500 |
| 005 - DATE AND TIME OF LATEST TRANSACTION | |
| control field | 20130814144239.0 |
| 010 ## - LCCN (DPL NO) | |
| LC control number | ENG-108230 |
| 020 ## - INTERNATIONAL STANDARD BOOK NUMBER | |
| International Standard Book Number | 9788125953104 |
| Terms of availability | 325.00 |
| 035 ## - SYSTEM CONTROL NUMBER | |
| System control number | EN-91763 |
| 037 ## - SOURCE OF ACQUISITION | |
| Source of stock number/acquisition | DBAD/PUB |
| 082 ## - DEWEY DECIMAL CLASSIFICATION NUMBER | |
| Classification number | 343.94307 |
| 100 ## - MAIN ENTRY--PERSONAL NAME | |
| Personal name | Kuchhal, M.C. |
| 245 10 - TITLE STATEMENT | |
| Title | Business legislation for management : |
| Statement of responsibility, etc | by M.C. Kuchhal [and] Deepa Prakash |
| Remainder of title | a textbook for MBA, PGDM and other similar professional examinations / |
| 250 ## - EDITION STATEMENT | |
| Edition statement | 3rd updated and expanded ed |
| 260 ## - PUBLICATION, DISTRIBUTION, ETC. (IMPRINT) | |
| Place of publication, distribution, etc | Noida |
| Name of publisher, distributor, etc | Vikas Publishing House |
| Date of publication, distribution, etc | 2012 |
| 270 ## - ADDRESS | |
| Address | A-22, Sector-4 |
| City | Noida |
| Postal code | 201301 |
| 300 ## - PHYSICAL DESCRIPTION | |
| Extent | xi,572p. |
| Dimensions | 24cm(pbk) |
| 700 ## - ADDED ENTRY--PERSONAL NAME | |
| Personal name | Deepa Prakash |
| 942 ## - ADDED ENTRY ELEMENTS (KOHA) | |
| Source of classification or shelving scheme | Dewey Decimal Classification |
| Item type | English Books |
| Call number suffix | KUC |
| Classification part | 343.94307 |
| Withdrawn status | Lost status | Not for loan | Collection code | Home library | Current library | Date acquired | Source of acquisition | Cost, normal purchase price | Full call number | Barcode | Copy number | Cost, replacement price | Koha item type |
|---|---|---|---|---|---|---|---|---|---|---|---|---|---|
| Not For Loan | Non-fiction | D.B.Act.Division | D.B.Act.Division | 30/07/2013 | DBAD/PUB | 325.00 | 343.94307 KUC | EN-91763 | 1 | 325.00 | English Books |
